000 00986nam a22001937a 4500
005 20260306125210.0
008 260305b mx ||||| |||| 00| 0 spa d
020 _a9788413136042
050 0 4 _aKGF5404
_bS64 2020
100 1 _aSpeckman, Elisa (Speckman Guerra),
_eautor
245 1 0 _aEn tela de juicio justicia penal, homicidios célebres y opinión pública (México, siglo XX)
_c / Elisa Speckman Guerra
260 _aCiudad de México :
_bTirant lo Blanch : Universidad Nacional Autónoma de México, Instituto de Investigaciones Históricas,
_c2020
300 _a639 páginas :
_bilustraciones, tablas, fotografías en blanco y negro, facsímiles ;
_c24 cm
490 0 _aHistoria del derecho en América Latina
500 _aIncluye bibliografía: páginas 550-576
650 7 _2lemb
_aAdministración de justicia penal
_zMéxico
_xOpinión pública
_xHistoria
_ySiglo XX
650 7 _2lemb
_aAsesinato
_zMéxico
_xOpinión pública
_xHistoria
_ySiglo XX
942 _2lcc
_cLIB
999 _c172688
_d172686